000 00921nas a2200301 4500
001 BR8800132
003 BR-BrBNA
005 20231205091017.0
007 ta
008 230509b bl.|||p| |||| 00| 00por d
040 _aBR-BrBNA
_bpor
_cBiblioteca Nacional de Agricultura
041 _a(Pt)
072 _aH20
100 1 _aOliveira, D.P. de
100 1 _aBezerra, J.L.
245 1 _aInfeccoes de sementes de dende na Bahia causada por Paecilomyces sp [Bahia, Brasil]
246 1 _aSeed infection of oil palm in Bahia, Brasil caused by Paecilomyces sp.
650 _aDENDE
650 _aINFECCAO
650 _aSEMENTE
650 _aDIAGNOSTICO
650 _aFUNGO
650 _aBAHIA
773 0 _tRevista Theobroma (Brazil)
_xISSN 0370-7962
_g(Apr-Jun 1982), v. 16(2) p. 111-113
_wBR8800132
856 4 0 _dLink DSPACE/MAPA BR8800132
909 _a202311
_bLúcia
_c55
_dLúcia Elande
942 _2AGRIS
_n0
_cANA
999 _c122199
_d122199